|
|
|
|
| LEADER |
00000nab a2200000 a 4500 |
| 001 |
vtls008416016 |
| 003 |
SK-MaSNL |
| 005 |
20260303070015.0 |
| 008 |
140623c2005 xo 0 eng |
| 015 |
|
|
|a SNBCL2005/5
|
| 035 |
|
|
|a SLK034326
|
| 040 |
|
|
|a SLKCL
|b slo
|c SNKBUCL
|e AACR2
|
| 041 |
1 |
|
|a eng
|b eng
|b slo
|
| 044 |
|
|
|a xo
|c SK
|
| 080 |
|
|
|a 618.19-006:159.9
|2 1981
|
| 100 |
1 |
|
|a Mesárošová, Margita,
|d 1956-
|4 aut
|9 209877
|
| 245 |
1 |
0 |
|a Psychological responses to cancer among female patients with malignant and benign breast disease
|c Margita Mesárošová, Alexander Ostró
|
| 246 |
1 |
0 |
|a Psychologické odpovede na rakovinu u žien s malígnym a benígnym ochorením prsníkov
|
| 246 |
1 |
1 |
|a Psychologické odpovede na rakovinu u žien s malígnym a benígnym ochorením prsníkov
|
| 300 |
|
|
|b Tab.
|
| 504 |
|
|
|a Res. angl., slov.
|
| 504 |
|
|
|a Bibliogr. odkazy
|
| 650 |
0 |
7 |
|a nádory prsníka
|x psychológia
|2 MESH
|9 1066858
|
| 650 |
0 |
7 |
|a ženy
|x psychológia
|2 MESH
|9 1066859
|
| 650 |
0 |
7 |
|a testy psychologické
|2 MESH
|9 732694
|
| 650 |
0 |
7 |
|a psychológia
|2 MESH
|9 807
|
| 700 |
1 |
|
|a Ostró, Alexander,
|d 1951-
|4 aut
|9 220331
|
| 773 |
0 |
|
|t Studia psychologica
|g Vol. 47, no. 2 (2005), s. 91-102
|x 0039-3320
|
| 850 |
|
|
|a Slovenská lekárska knižnica v Bratislave
|a BA006
|
| 852 |
|
|
|a BA006
|b KIS3GCP
|b 000500000
|
| 999 |
|
|
|c 1753561
|d 1755491
|